ბათუმის შოთა რუსთაველის სახელმწიფო უნივერსიტეტის ბიბლიოთეკა

თეორია განათლებისათვის. (ბიბ.ჩანაწერი № 43985)

000 -LEADER
fixed length control field 00962nam a2200253Ia 4500
001 - CONTROL NUMBER
control field 10735
003 - CONTROL NUMBER IDENTIFIER
control field GE_BSU
008 - FIXED-LENGTH DATA ELEMENTS--GENERAL INFORMATION
fixed length control field 181216s||||||||xx |||||||||||||| ||und||
020 ## - INTERNATIONAL STANDARD BOOK NUMBER
International Standard Book Number 9789941180088
040 ## - CATALOGING SOURCE
Transcribing agency GE_BSU
080 ## - UNIVERSAL DECIMAL CLASSIFICATION NUMBER
Universal Decimal Classification number 37.015.3+159.964.2
100 ## - MAIN ENTRY--PERSONAL NAME
Personal name დიმიტრიადისი,გრეგ; კამბერელისი,ჯორჯ.
245 ## - TITLE STATEMENT
Title თეორია განათლებისათვის.
245 ## - TITLE STATEMENT
Statement of responsibility, etc. რედ. ნინო ჯავახიშვილი
260 ## - PUBLICATION, DISTRIBUTION, ETC.
Place of publication, distribution, etc. თბილისი
260 ## - PUBLICATION, DISTRIBUTION, ETC.
Name of publisher, distributor, etc. ილიას სახელმწ. უნ–ტი.
260 ## - PUBLICATION, DISTRIBUTION, ETC.
Date of publication, distribution, etc. 2010.
300 ## - PHYSICAL DESCRIPTION
Extent 232გვ;23სმ.
520 ## - SUMMARY, ETC.
Summary, etc. შემოსულია ტემპუსის პროექტით.
653 ## - INDEX TERM--UNCONTROLLED
Uncontrolled term თეორია განათლებისათვის.
653 ## - INDEX TERM--UNCONTROLLED
Uncontrolled term ტემპუსის პროექტით
942 ## - ADDED ENTRY ELEMENTS (KOHA)
Koha item type წიგნი
ეგზემპლარები
Withdrawn status Lost status Damaged status Not for loan Date acquired Barcode Date last seen Price effective from Koha item type
        2018-12-17 35140 2018-12-17 2018-12-17 წიგნი
        2018-12-17 35141 2018-12-17 2018-12-17 წიგნი